000 01499nac a22003011u 4500
008 100913t xxu||||| |||| 00| 0 eng d
010 _a 2002112515
020 _a0870310860
035 _a(DLC)12915630
082 0 0 _a624.18341
_bEXA
100 _a20080729
_918970
245 0 0 _aExamples for the Design of Structural Concrete with Strut-and-Tie Models /
_ceditor, Karl-Heinz Reineck.
246 3 0 _aStrut-and-tie models
260 _aFarmington Hills, Mich. :
_bAmerican Concrete Institute,2002.
_c2002
300 _avi, 242 p. :
_bill. ;
_c23 cm.
490 1 _aACI international SP ;
_v208
_918971
500 _a "Prepared by members of ACI Subcommittee 445-1, Strut and Tie Models, for sessions at the Fall Convention in Phoenix, October 27 to November 1, 2002, and sponsored by Joint ACI-ASCE Committee 445, Shear and Torsion and ACI Committee 318-E, Shear and Torsion.
650 0 _aReinforced concrete.
_918972
650 0 _aConcrete beams.
_918973
650 0 _aStruts (Engineering)
_918974
650 0 _aTie-rods.
_918975
700 1 _aReineck, Karl-Heinz.
_918976
710 2 _aAmerican Concrete Institute.
_bConvention
_918977
710 2 _aAmerican Concrete Institute.
_bSubcommittee 445-1, Strut and Tie Models.
_918978
830 0 _aPublication SP ;
_918979
942 _cBB
_k624.18341EXA
_2ddc
999 _c2703
_d2703